Handbook on contingent paid casual labour and substitute in postal establishment / (Record no. 125186)

MARC details
000 -LEADER
fixed length control field 00692nam a22002417a 4500
005 - DATE AND TIME OF LATEST TRANSACTION
control field 20170124105950.0
010 ## - LIBRARY OF CONGRESS CONTROL NUMBER
LC control number A-904160
020 ## - INTERNATIONAL STANDARD BOOK NUMBER
Terms of availability 00.00
035 ## - SYSTEM CONTROL NUMBER
System control number A-904160
037 ## - SOURCE OF ACQUISITION
Source of stock number/acquisition Cen Lib/Ret
040 ## - CATALOGING SOURCE
Original cataloging agency DPL
Language of cataloging EN
082 ## - DEWEY DECIMAL CLASSIFICATION NUMBER
Classification number 331.544
Item number BOS
100 ## - MAIN ENTRY--PERSONAL NAME
Personal name Bose, J.K
9 (RLIN) 13313
245 ## - TITLE STATEMENT
Title Handbook on contingent paid casual labour and substitute in postal establishment /
Statement of responsibility, etc by J.K. Bose
260 ## - PUBLICATION, DISTRIBUTION, ETC. (IMPRINT)
Place of publication, distribution, etc Calcutta
Name of publisher, distributor, etc The world press
Date of publication, distribution, etc 1995
270 ## - ADDRESS
Address 37,A, College street
City Calcutta
300 ## - PHYSICAL DESCRIPTION
Extent 121p.
Dimensions 20cm(Hb)
650 ## - SUBJECT ADDED ENTRY--TOPICAL TERM
Topical term or geographic name as entry element Economics
9 (RLIN) 13314
650 ## - SUBJECT ADDED ENTRY--TOPICAL TERM
Topical term or geographic name as entry element Labour Economics
9 (RLIN) 2771
700 ## - ADDED ENTRY--PERSONAL NAME
9 (RLIN) 13299
700 ## - ADDED ENTRY--PERSONAL NAME
9 (RLIN) 13300
942 ## - ADDED ENTRY ELEMENTS (KOHA)
Source of classification or shelving scheme Dewey Decimal Classification
Koha item type English Books
Classification part 331.544
Call number suffix BOS
Holdings
Withdrawn status Lost status Damaged status Not for loan Home library Current library Date acquired Source of acquisition Cost, normal purchase price Total Checkouts Full call number Barcode Date last seen Copy number Cost, replacement price Price effective from Koha item type Public note
Written off       Central Library Central Library 20/06/2015 Cen Lib/Ret 0.00   331.544 BOS A-904160 20/06/2015 1 0.00 20/06/2015 English Books Written off on approval by DLB (By Circulation); dtd 15-06-2023

© Delhi Public Library
Hit Counter
free hit counter